Materials technology / (Record no. 172205)

MARC details
000 -LEADER
fixed length control field 00582cam a2200205 a 4500
001 - CONTROL NUMBER
control field vtls001061760
003 - CONTROL NUMBER IDENTIFIER
control field MY-SjTCS
005 - DATE AND TIME OF LATEST TRANSACTION
control field 20200226120852.0
008 - FIXED-LENGTH DATA ELEMENTS--GENERAL INFORMATION
fixed length control field 110218s1996 enk 000 0 eng
020 ## - INTERNATIONAL STANDARD BOOK NUMBER
International Standard Book Number 0582212596
039 #9 - LEVEL OF BIBLIOGRAPHIC CONTROL AND CODING DETAIL [OBSOLETE]
Level of rules in bibliographic description 201206041007
Level of effort used to assign nonsubject heading access points pushpa
Level of effort used to assign subject headings 201102181421
Level of effort used to assign classification VLOAD
-- 200407271843
-- VLOAD
082 04 - DEWEY DECIMAL CLASSIFICATION NUMBER
Classification number 624.153
Item number DEA
100 1# - MAIN ENTRY--PERSONAL NAME
Personal name Dean, Yvonne.
9 (RLIN) 5523
245 10 - TITLE STATEMENT
Title Materials technology /
Statement of responsibility, etc. Yvonne Dean
260 ## - PUBLICATION, DISTRIBUTION, ETC.
Place of publication, distribution, etc. Essex :
Name of publisher, distributor, etc. Longman,
Date of publication, distribution, etc. 1996
300 ## - PHYSICAL DESCRIPTION
Extent x, 208 p. ;
Dimensions 2 5cm.
650 #0 - SUBJECT ADDED ENTRY--TOPICAL TERM
Topical term or geographic name entry element Materials.
650 #0 - SUBJECT ADDED ENTRY--TOPICAL TERM
Topical term or geographic name entry element Materials science.
9 (RLIN) 324
920 ## - Programme
Programme SABD : 520615
Holdings
Withdrawn status Lost status Source of classification or shelving scheme Damaged status Not for loan Home library Current library Date acquired Total Checkouts Barcode Date last seen Date last checked out Copy number Uniform Resource Identifier Koha item type Public note
    Dewey Decimal Classification     Taylor's Library-TU Taylor's Library-TU 27/07/2004 11 5000028232 12/12/2019 23/04/2013 1 Floor 4, Shelf 20 , Side 1, TierNo 3, BayNo 2 Main Collection SABDx,23002,03,CL